[Event "Barcelona La Lira op 33rd"]
[Site "Barcelona"]
[Date "2015.02.13"]
[Round "5"]
[White "Izquierdo Cuso, Enrique"]
[Black "Nadal Fajardo, Ricard"]
[Result "1/2-1/2"]
[WhiteElo "1835"]
[BlackElo "1904"]
[PlyCount "55"]
[EventDate "2015.01.16"]
[EventType "swiss"]
[EventRounds "9"]
[EventCountry "ESP"]
[SourceTitle "EXT 2016"]
[Source "ChessBase"]
[SourceDate "2015.10.08"]
[SourceVersion "1"]
[SourceVersionDate "2015.10.08"]
[SourceQuality "1"]

1. e4 c6 2. d4 d5 3. Nc3 dxe4 4. Nxe4 Bf5 5. Ng3 Bg6 6. Nf3 Nd7 7. Bd3 Bxd3 8. Qxd3 e6 9. 0-0 Ngf6 10. c4 Be7 11. b3 Qa5 12. c5 Rd8 13. Bd2 Qc7 14. b4 0-0 15. Qe2 Rfe8 16. a4 a6 17. Rab1 b5 18. a5 Nd5 19. Rfe1 Bf8 20. Nf1 g6 21. Ne3 N7f6 22. Ne5 Ne4 23. Nxd5 exd5 24. Rbc1 Nxd2 25. Qxd2 Bg7 26. Qf4 Bxe5 27. dxe5 Re6 28. Qg3 1/2-1/2

[Event "Barcelona La Lira op 33rd"]
[Site "Barcelona"]
[Date "2015.02.06"]
[Round "4"]
[White "Torras Lemos, Marc"]
[Black "Izquierdo Cuso, Enrique"]
[Result "1/2-1/2"]
[WhiteElo "1561"]
[BlackElo "1835"]
[PlyCount "42"]
[EventDate "2015.01.16"]
[EventType "swiss"]
[EventRounds "9"]
[EventCountry "ESP"]
[SourceTitle "EXT 2016"]
[Source "ChessBase"]
[SourceDate "2015.10.08"]
[SourceVersion "1"]
[SourceVersionDate "2015.10.08"]
[SourceQuality "1"]

1. d4 d5 2. c4 c6 3. Bf4 Bf5 4. Nf3 e6 5. c5 Nd7 6. g3 Ngf6 7. Bg2 Be7 8. Nh4 Bxb1 9. Qxb1 Ne4 10. Nf3 0-0 11. 0-0 f6 12. b4 a6 13. a4 e5 14. dxe5 fxe5 15. Bc1 Bf6 16. Ra3 b6 17. cxb6 Nxb6 18. Nd2 Nxd2 19. Bxd2 Nc4 20. Ra2 e4 21. Rc1 Qe7 1/2-1/2

[Event "Barcelona La Lira op 33rd"]
[Site "Barcelona"]
[Date "2015.01.30"]
[Round "3"]
[White "Izquierdo Cuso, Enrique"]
[Black "Montalban Colell, Bernat"]
[Result "1/2-1/2"]
[WhiteElo "1835"]
[BlackElo "1855"]
[PlyCount "38"]
[EventDate "2015.01.16"]
[EventType "swiss"]
[EventRounds "9"]
[EventCountry "ESP"]
[SourceTitle "EXT 2016"]
[Source "ChessBase"]
[SourceDate "2015.10.08"]
[SourceVersion "1"]
[SourceVersionDate "2015.10.08"]
[SourceQuality "1"]

1. e4 e6 2. d4 d5 3. Nc3 Bb4 4. exd5 exd5 5. Be3 Nf6 6. h3 Ne4 7. Qd3 Bf5 8. Qb5+ Nc6 9. Nge2 Rb8 10. a3 a6 11. Qa4 Be7 12. Nf4 Nxc3 13. bxc3 Qd6 14. Bd3 Bg6 15. Qb3 Be4 16. Bxe4 dxe4 17. Qd5 Qxd5 18. Nxd5 Bd6 19. c4 Ne7 1/2-1/2